00622nam a22001937a 450000500170000001000150001702000250003203500130005703700130007008200060008310000190008924500510010826000400015927000560019930000200025594200200027599900170029595201160031220140110170117.0 aENG-109054 a9788189331283c99.00 aEN-92587 bDBAD/PUB aS aMittal, Princy aSorry.... please come back /cby Princy Mittal aChandigarhbEnkay Enterprisesc2013 aSCO 49-51, Basement, Sector 17CbChandigarhe160017 a80p.c22cm(pbk) 2ddccENmMIThS c81757d81757 001040718FICaDBADbDBADd2014-01-09eDBAD/PUBg99.00l0oS MITpEN-92587r2014-01-09 00:00:00t1v99.00yEN